000 00718nam a2200229 a 4500
001 16948
003 CO-ViMGA
008 141112s2004 ck r 000 u spa d
020 _a9582813946
040 _aCO-ViMGA
_bspa
_cCO-ViMGA
082 0 4 _a986.101 C177c
100 1 _aCastillo, Gilberto
_924031
245 1 0 _aCaminando en el tiempo . El encuentro de tres conquistadores en la sabana de Bogotá
260 _aBogotá,
_cIntermedio,
_c2003
300 _a409.p.
590 _aForma de adquisición : Premio - Mincultura
650 1 4 _aCOLOMBIA - HISTORIA
650 1 4 _aFEDERMAN, NICOLAS
_924032
650 1 4 _aJIMENEZ DE QUEZADA, GONZALO
_924033
650 1 4 _aNOVELA HISTORICA COLOMBIANA
_92105
942 _2ddc
_cBK
999 _c26581
_d26581